| 000 | 00511nam a22001577a 4500 | ||
|---|---|---|---|
| 003 | NUST | ||
| 082 | _a200 | ||
| 100 |
_aTayyab, Hadia _997436 |
||
| 245 |
_aRobust Non-linear Control of PHEV with Enhanced Disturbance Compensation / _bHadia Tayyab |
||
| 264 |
_aIslamabad : _bSEECS, NUST, _c2022. |
||
| 300 | _a24 p. ; | ||
| 650 |
_aMS-Electrical Engineering _923567 |
||
| 700 |
_aSupervisor: Dr. Iftikhar Ahmad Rana _996695 |
||
| 856 | _uhttp://10.250.8.41:8080/xmlui/handle/123456789/30019 | ||
| 942 |
_2ddc _cSC |
||
| 999 |
_c591058 _d591058 |
||